00713 2200241 4500001002100000005001500021035002000036245013900056100002400195250000600219300003100225700001700256260003600273082001200309084001800321020001800339650002900357990001700386990001700403990001700420990001700437990001700454INLIS00000000000065920190124030418 a0010-01190001151 aMemelihara Kesehatan Gigi dan Mulut :bBuku bacaan Untuk siswa SD/MI sampai dengan SMA/MA /cLenita Hamidi, B.Sw; Editor, H.R Soetedjo0 aLenita Hamidi, B.Sw a- a78 hlm. :bilus. ;c21 cm.0 aH.R Soetedjo aJakarta :bCV Indradjaya,c2006 a617.601 a617.601 LEN m a979-9224-48-7 aKesehatan Gigi dan Mulut a02470/H/2018 a02471/H/2018 a02472/H/2018 a02473/H/2018 a02474/H/2018